Modern-Day Countries Conquered by Cyrus the Great on a Map - Statistics

General Stats
  • This quiz has been taken 88 times
  • The average score is 16 of 16
Answers on the Map
Answers color-coded by a green-red scale on the quiz's map according to % correct below.
 
Answer Stats
Countries % Correct
Iran
100%
Turkey
100%
Afghanistan
98%
Armenia
98%
Iraq
98%
Jordan
98%
Pakistan
98%
Syria
98%
Azerbaijan
97%
Israel
97%
Lebanon
97%
Uzbekistan
97%
Kuwait
95%
Kyrgyzstan
95%
Tajikistan
95%
Turkmenistan
95%
No matching quizzes found
Score Distribution
Percent of People with Each Score
Percentile by Number Answered
Your Score History
You have not taken this quiz